Alteración de la cognición social en la demencia fronto-temporal (Record no. 170900)
[ view plain ]
| 000 -CABECERA | |
|---|---|
| campo de control de longitud fija | 01793cab a2200253 ab4500 |
| 005 - FECHA Y HORA DE LA ÚLTIMA TRANSACCIÓN | |
| campo de control | 20240123063544.0 |
| 008 - ELEMENTOS DE LONGITUD FIJA--INFORMACIÓN GENERAL | |
| campo de control de longitud fija | 991125c2013 ag fr p o 000 0 spa d |
| 035 ## - NÚMERO DE CONTROL DEL SISTEMA | |
| Número de control de sistema | UPN01000198799 |
| 040 ## - FUENTE DE LA CATALOGACIÓN | |
| Centro catalogador/agencia de origen | MX-MxUPN |
| Lengua de catalogación | spa |
| Centro/agencia transcriptor | MX-MxUPN |
| Normas de descripción | aacr2 |
| 049 ## - COLECCIÓN | |
| Colección | ART-E |
| 100 1# - ASIENTO PRINCIPAL--NOMBRE PERSONAL | |
| Nombre de persona | Serrani, Daniel |
| 9 (RLIN) | 44858 |
| 245 10 - MENCIÓN DE TÍTULO | |
| Título | Alteración de la cognición social en la demencia fronto-temporal |
| Medio | [recurso electrónico en línea] |
| 506 0# - NOTA DE RESTRICCIONES AL ACCESO | |
| Limitaciones de acceso | Acceso abierto. |
| 520 3# - NOTA DE RESUMEN, ETC. | |
| Sumario, etc. | En el presente artículo se revisa el deterioro de cognición social (CS), reconocimiento de rostros y emociones, Teoría de la Mente (TM) y juicio moral en Demencia Frontotemporal variante frontal, y se comparan con psicopatías, trastorno de personalidad antisocial (TPA), demencia tipo Alzheimer (DTA) y Esquizofrenia (E). La DFT afecta casi todas las tareas de CS, correlaciona con atrofia cortical y reducción del metabolismo cerebral en lóbulos temporal y órbito frontal. Psicopatías y TPA sólo alteran el reconocimiento de las emociones. La DTA tiene déficits menos severos en tareas de reconocimiento de emociones y la E muestra déficits selectivos en TM pero no conductas psicopáticas. La DFT representa una enfermedad neurodegenerativa rápida, mientras que los trastornos psicopáticos y E son más lentos. Esta diferencia es importante para el patrón diferencial de deterioro clínico. |
| 650 #2 - ASIENTO SECUNDARIO DE MATERIA - TERMINO TEMATICO | |
| Término de materia o nombre geográfico como elemento de entrada | Demencia |
| 9 (RLIN) | 5846 |
| 650 #2 - ASIENTO SECUNDARIO DE MATERIA - TERMINO TEMATICO | |
| Término de materia o nombre geográfico como elemento de entrada | Alzheimer, Enfermedad de |
| 9 (RLIN) | 2739 |
| 650 #2 - ASIENTO SECUNDARIO DE MATERIA - TERMINO TEMATICO | |
| Término de materia o nombre geográfico como elemento de entrada | Esquizofrenia |
| 9 (RLIN) | 15458 |
| 650 #7 - ASIENTO SECUNDARIO DE MATERIA - TERMINO TEMATICO | |
| Término de materia o nombre geográfico como elemento de entrada | Psicopatología |
| Fuente del encabezamiento o término | |
| 9 (RLIN) | 45619 |
| 653 0# - TERMINO DE INDIZACION - NO CONTROLADO | |
| Término no controlado | TRASTORNO ANTISOCIAL DE LA PERSONALIDAD |
| 773 ## - ENLACE AL DOCUMENTO FUENTE/ENTRADA DE REGISTRO ANFITRIÓN | |
| Parte(s) relacionada(s) | Vol. 5, no. 2 (2013), p. 90-104 |
| Título | Psiencia : revista latinoamericana de ciencia psicológica |
| 856 4# - LOCALIZACIÓN Y ACCESO ELECTRÓNICOS | |
| Identificador Uniforme del Recurso | <a href="https://dialnet.unirioja.es/servlet/articulo?codigo=4821184">https://dialnet.unirioja.es/servlet/articulo?codigo=4821184</a> |
| 905 ## - TIPO DE MATERIAL | |
| Tipo de material | Articulo |
| 942 ## - ELEMENTOS DE PUNTO DE ACCESO ADICIONAL (KOHA) | |
| Tipo de ítem Koha | Artículo Electrónico |
| Estado de retiro | Estado de pérdida | Estado dañado | No para préstamo | Código de colección | Localización permanente | Ubicación/localización actual | Ubicación en estantería | Fecha de adquisición | Fecha visto por última vez | Identificador Uniforme del Recurso | Tipo de ítem Koha |
|---|---|---|---|---|---|---|---|---|---|---|---|
| Acceso abierto | Bib. Gregorio Torres Quintero | Bib. Gregorio Torres Quintero | En línea | 13/06/2022 | 13/06/2022 | https://dialnet.unirioja.es/servlet/articulo?codigo=4821184 | Artículo Electrónico |
